000 01102nam a2200265Ia 4500
003 OSt
005 20221005103850.0
006 a|||||r|||| 00| 0
007 ta
008 221004b |||||||| |||| 00| 0 hin d
020 _a9789380839967 (hbk)
_cINR 300.00
024 _a66124
037 _bGV728, 11/03/2020, Vani Prakashan
_cTextual
040 _aCRL
_cCRL
_bhin
041 _2hin
_ahin
082 _aO152,3N35,JM, Q8
100 _aअवस्थी, ब्रह्मदत्त, ले.
245 0 _aझुकना मत
_b आपातकाल में मीसाबंदी की साधना
246 _aZukanā mata: āpātakāl mean mīsābandī kī sādhanā
260 _aदिल्ली
_bएस. के. इंटरप्राइजेज भारत
_c2018
650 _a हिन्दी साहित्य
650 _aहिन्दी कहानी
942 _hO152,3N35,JM, Q8
_cTEXL
_2cc
999 _c1011122
_d1011122